00852cam a2200253 a 4500999001500000001000500015003000900020005001700029008004100046020001600087020001800103040003800121082002100159100002300180245007700203260005200280300003200332600003200364650002800396650002500424700001800449942001200467952011900479 c3125d31252899BD-DhUAP20200302114342.0200302s1998 bg abf b f000 0 eng  a3764358076  a9783764358075 aBD-DhUAPcBD-DhUAPdBD-DhUAPbEng a728.8092 SBR223 aSbriglio, Jacques. aLe Corbusier : bla villa Savoye = the villa Savoye /cJacques Sbriglio. aParis : bFondation Le Corbusier, cop.,cc1999. a187 pages :bill. ;c22 cm. aLe Corbusier, -- 1887-1965. aArchitecture, Domestic  aArchitecture, Modern aZijl, Ida van 2ddccBK 00102ddc4070aUAPCLbUAPCLcGeneral Stacksd2020-03-02o728.8092 SBRp3010002899r2020-03-02t1w2020-03-02yBK